| 000 | 00782nam a2200217 a 4500 | ||
|---|---|---|---|
| 001 | 000023670 | ||
| 005 | 20200930022403.0 | ||
| 008 | 101217s1985 ag a r 000 0 spa d | ||
| 020 | _a0030570018 | ||
| 040 |
_aDO-SdBNP _bspa _cBNPHU |
||
| 041 | 1 | 7 |
_aspa _heng _2Código de idioma MARC |
| 082 |
_aNNN _bK92u |
||
| 100 | 1 |
_aKrenz, Jerrold H. _d1934- _948766 |
|
| 240 | 1 | 0 |
_aEnergy, from opulence to sufficiency _lEspañol. |
| 245 | 1 | 0 |
_aUso racional de la energía : _bEl gran desafío contemporáneo / _cJerrold H. Krenz ; traducido por José Clementi. |
| 260 |
_aBuenos Aires, Argentina : _bAragón, _c1985. |
||
| 300 |
_a287, [1] p. : _bil. ; _c20 cm. |
||
| 534 |
_aTítulo original: _tEnergy, from opulence to sufficiency |
||
| 700 | 1 |
_aClementi, José _etr. _941126 |
|
| 049 | _aBNGR | ||
| 999 |
_c23166 _d23166 |
||